01421 2200385 4500001002100000005001500021035002000036001002100056005001500077035002000092245007000112100003300182300002700215260003400242082001000276084001600286020002200302650002800324520033700352008004100689250001800730700003500748990002100783990002100804990002100825990002100846990002100867990002100888990002100909990002100930990002100951990002100972990002100993990002101014INLIS00000000001433920231130104546 a0010-1123000072INLIS00000000001433820231130104249 a0010-11230000711 aRISET KOMUNIKASI DAN BUDAYA :bPerspektif teoritik & agenda riset0 aIdi Subandy Ibrahim (Editor) axIix, 402 hlm.; 23 cm. aDepok :bRajawali Pers,c2021 a302.2 a302.2 IDI r a978-623-372-032-8 aKomunikasi dalam budaya aBagaimana faktor-faktor budaya berpengaruh dalam transformasi masyarakat kontemporer? bagaimana perspektif budaya memberi warna dlam kajian komunikasi dan masyarakat mutakhir? Inilah salah satu karya penting yang melihat budaya sebagai faktor dalam transformasi masyarakat di mana komunikasi memegang peran krusial didalamnya.231130 e 0 ind  aEd. 1, Cet. 10 aBachruddin Ali Akhmad (Editor) a023.2576/PC/2023 a023.2577/PC/2023 a023.2578/PC/2023 a023.2577/PC/2023 a023.2576/PC/2023 a023.2578/PC/2023 a023.2576/PC/2023 a023.2577/PC/2023 a023.2578/PC/2023 a023.2578/PC/2023 a023.2576/PC/2023 a023.2577/PC/2023